Helping Children and Families: a new treatment model intergrating psychodynamic, behavioral, and contextual approaches (Record no. 5491)

MARC details
000 -LEADER
fixed length control field 00653nam a22002057a 4500
003 - CONTROL NUMBER IDENTIFIER
control field OSt
005 - DATE AND TIME OF LATEST TRANSACTION
control field 20170130135544.0
008 - FIXED-LENGTH DATA ELEMENTS--GENERAL INFORMATION
fixed length control field 170130b xxu||||| |||| 00| 0 eng d
020 ## - INTERNATIONAL STANDARD BOOK NUMBER
International Standard Book Number 0471431303
040 ## - CATALOGING SOURCE
Transcribing agency DMLN
082 ## - DEWEY DECIMAL CLASSIFICATION NUMBER
Classification number WS105 G569h 2005
100 ## - MAIN ENTRY--PERSONAL NAME
Personal name Goldenthal, Peter
9 (RLIN) 11460
245 ## - TITLE STATEMENT
Title Helping Children and Families: a new treatment model intergrating psychodynamic, behavioral, and contextual approaches
260 ## - PUBLICATION, DISTRIBUTION, ETC. (IMPRINT)
Place of publication, distribution, etc. New Jersey; John Wiley, 2005
300 ## - PHYSICAL DESCRIPTION
Extent xx,300p; ill: 24cm
504 ## - BIBLIOGRAPHY, ETC. NOTE
Bibliography, etc Appendices, references, & index included
650 ## - SUBJECT ADDED ENTRY--TOPICAL TERM
Topical term or geographic name as entry element Child psychotherapy
9 (RLIN) 5134
650 ## - SUBJECT ADDED ENTRY--TOPICAL TERM
Topical term or geographic name as entry element Child treatment
9 (RLIN) 11461
942 ## - ADDED ENTRY ELEMENTS (KOHA)
Source of classification or shelving scheme Other/Generic Classification Scheme
Koha item type Open Shelf
Holdings
Withdrawn status Lost status Source of classification or shelving scheme Damaged status Not for loan Home library Current library Date acquired Source of acquisition Inventory number Total Checkouts Full call number Barcode Date last seen Koha item type Price effective from
    Other/Generic Classification Scheme     MUST Main Library MUST Main Library 30/01/2017   10/32606   WS105 G569h 2005 2017-0076 30/01/2017 Open Shelf  
    Dewey Decimal Classification     MUST Main Library MUST Main Library 21/09/2021 Purchase 10/32373   WS105 G569h 2005 2021-1186 21/09/2021 Open Shelf 21/09/2021